<?xml version="1.0" encoding="UTF-8"?>
<collection xmlns="http://www.loc.gov/MARC21/slim">
 <record>
  <leader>01167nam a22002897a 4500</leader>
  <controlfield tag="001">41003</controlfield>
  <controlfield tag="003">BD-DhAAL</controlfield>
  <controlfield tag="005">20230322133407.0</controlfield>
  <controlfield tag="008">230322t2003    nyua|||| b||| 001 0 eng d</controlfield>
  <datafield tag="020" ind1=" " ind2=" ">
   <subfield code="a">0821354086</subfield>
  </datafield>
  <datafield tag="040" ind1=" " ind2=" ">
   <subfield code="a">BD-DhAAL</subfield>
   <subfield code="d">BD-DhAAL</subfield>
  </datafield>
  <datafield tag="082" ind1=" " ind2=" ">
   <subfield code="a"> 382.92</subfield>
  </datafield>
  <datafield tag="245" ind1=" " ind2=" ">
   <subfield code="a">Domestic regulation and service trade liberalization /</subfield>
   <subfield code="c">Aaditya Mattoo and Pierre Sauve, editors.</subfield>
  </datafield>
  <datafield tag="260" ind1=" " ind2=" ">
   <subfield code="a">Washington, DC : World Bank ;</subfield>
   <subfield code="b">Oxford University Press,</subfield>
   <subfield code="c">c2003.</subfield>
  </datafield>
  <datafield tag="300" ind1=" " ind2=" ">
   <subfield code="a"> vi, 236 pages :</subfield>
   <subfield code="b">illustrations ;</subfield>
   <subfield code="c">27 cm.</subfield>
  </datafield>
  <datafield tag="504" ind1=" " ind2=" ">
   <subfield code="a">Includes bibliographical references and index.</subfield>
  </datafield>
  <datafield tag="541" ind1=" " ind2=" ">
   <subfield code="a">Akbar Ali Khan Collection</subfield>
   <subfield code="e">41003</subfield>
  </datafield>
  <datafield tag="610" ind1=" " ind2=" ">
   <subfield code="a">World Trade Organization.</subfield>
   <subfield code="9">9515</subfield>
  </datafield>
  <datafield tag="650" ind1=" " ind2=" ">
   <subfield code="a">Service industries</subfield>
   <subfield code="x">Government policy.</subfield>
   <subfield code="9">53408</subfield>
  </datafield>
  <datafield tag="650" ind1=" " ind2=" ">
   <subfield code="a">International trade.</subfield>
  </datafield>
  <datafield tag="650" ind1=" " ind2=" ">
   <subfield code="a">Free trade.</subfield>
  </datafield>
  <datafield tag="700" ind1=" " ind2=" ">
   <subfield code="a">Mattoo, Aaditya.</subfield>
   <subfield code="9">53409</subfield>
  </datafield>
  <datafield tag="700" ind1=" " ind2=" ">
   <subfield code="a">Sauve, Pierre,</subfield>
   <subfield code="9">53915</subfield>
  </datafield>
  <datafield tag="852" ind1=" " ind2=" ">
   <subfield code="a">Ayesha Abed Library</subfield>
   <subfield code="c">Akbar Ali Khan Collection</subfield>
  </datafield>
  <datafield tag="942" ind1=" " ind2=" ">
   <subfield code="2">ddc</subfield>
   <subfield code="c">BK</subfield>
  </datafield>
  <datafield tag="999" ind1=" " ind2=" ">
   <subfield code="c">45616</subfield>
   <subfield code="d">45616</subfield>
  </datafield>
  <datafield tag="952" ind1=" " ind2=" ">
   <subfield code="0">0</subfield>
   <subfield code="1">0</subfield>
   <subfield code="2">ddc</subfield>
   <subfield code="4">0</subfield>
   <subfield code="6">382_920000000000000_DOM</subfield>
   <subfield code="7">1</subfield>
   <subfield code="9">73442</subfield>
   <subfield code="a">BRACUL</subfield>
   <subfield code="b">BRACUL</subfield>
   <subfield code="c">AAKC</subfield>
   <subfield code="d">2023-03-22</subfield>
   <subfield code="e">Donated by Akbar Ali Khan</subfield>
   <subfield code="g">5526.23</subfield>
   <subfield code="l">0</subfield>
   <subfield code="o">382.92 DOM</subfield>
   <subfield code="p">3010041003</subfield>
   <subfield code="r">2023-03-22</subfield>
   <subfield code="t">1</subfield>
   <subfield code="w">2023-03-22</subfield>
   <subfield code="y">BK</subfield>
   <subfield code="x">£47.99</subfield>
  </datafield>
 </record>
</collection>
